Supreme Court reports : (Record no. 9111)

MARC details
000 -LEADER
fixed length control field 01028nam a22002057a 4500
003 - CONTROL NUMBER IDENTIFIER
control field OSt
005 - DATE AND TIME OF LATEST TRANSACTION
control field 20260313051729.0
008 - FIXED-LENGTH DATA ELEMENTS--GENERAL INFORMATION
fixed length control field 260313b |||||||| |||| 00| 0 eng d
020 ## - INTERNATIONAL STANDARD BOOK NUMBER
International Standard Book Number 971-11-0617-5
040 ## - CATALOGING SOURCE
Original cataloging agency DWC-Main lib.
Transcribing agency OC
082 ## - DEWEY DECIMAL CLASSIFICATION NUMBER
Classification number GR. 348.044 Su959
110 ## - MAIN ENTRY--CORPORATE NAME
Corporate name or jurisdiction name as entry element EDITORIAL STAFF OF THE CENTRAL LAWBOOK PUBLISHING CO., INC
245 ## - TITLE STATEMENT
Title Supreme Court reports :
Remainder of title annotated/
Statement of responsibility, etc. EDITORIAL STAFF OF THE CENTRAL LAWBOOK PUBLISHING CO., INC
260 ## - PUBLICATION, DISTRIBUTION, ETC.
Place of publication, distribution, etc. Manila, Philippines :
Name of publisher, distributor, etc. Central Lawbook
300 ## - PHYSICAL DESCRIPTION
Extent various paging :
Dimensions 23 cm
501 ## - WITH NOTE
With note volume 11 to 20
504 ## - BIBLIOGRAPHY, ETC. NOTE
Bibliography, etc. note v.11 - May to August 30, 1969<br/>v.12 - September to Decemeber 31, 1969<br/>v.13 - January to April 30, 1969<br/>v.14 - May to August 31, 1969<br/>v.15 - Septemeber to December 31, 1969<br/>v.16 - January to April 30, 1966<br/>v.17 - May to August 31, 1966<br/>v.18 - September to December 31, 1966<br/>v.19 - January to April 30, 1967<br/>v.20 - May to August 31, 1967
650 ## - SUBJECT ADDED ENTRY--TOPICAL TERM
Topical term or geographic name entry element 1. Law reports, digests, etc.--- Philippines.
942 ## - ADDED ENTRY ELEMENTS (KOHA)
Source of classification or shelving scheme Dewey Decimal Classification
Koha item type General References
Classification part GR.
Suppress in OPAC No
952 ## - LOCATION AND ITEM INFORMATION (KOHA)
--
952 ## - LOCATION AND ITEM INFORMATION (KOHA)
--
952 ## - LOCATION AND ITEM INFORMATION (KOHA)
--
952 ## - LOCATION AND ITEM INFORMATION (KOHA)
--
952 ## - LOCATION AND ITEM INFORMATION (KOHA)
--
952 ## - LOCATION AND ITEM INFORMATION (KOHA)
--
952 ## - LOCATION AND ITEM INFORMATION (KOHA)
--
952 ## - LOCATION AND ITEM INFORMATION (KOHA)
--
952 ## - LOCATION AND ITEM INFORMATION (KOHA)
--
952 ## - LOCATION AND ITEM INFORMATION (KOHA)
--
Holdings
Withdrawn status Lost status Source of classification or shelving scheme Damaged status Not for loan Home library Current library Shelving location Date acquired Source of acquisition Total Checkouts Full call number Barcode Date last seen Copy number Price effective from Koha item type Uniform Resource Identifier
    Dewey Decimal Classification     College Library College Library General Reference 03/06/2006 School Fund   GR. 348.044 Su959 CL42882 03/13/2026 c1 03/13/2026 BK-GR
    Dewey Decimal Classification     College Library College Library General Reference 03/06/2006 School Fund   GR. 348.044 Su959 CL42883 03/13/2026 c2 03/13/2026 BK-GR
    Dewey Decimal Classification     College Library College Library General Reference 03/06/2006 School Fund   GR. 348.044 Su959 CL42885 03/13/2026 c3 03/13/2026 BK-GR
    Dewey Decimal Classification     College Library College Library General Reference 03/06/2006 School Fund   GR. 348.044 Su959 CL42887 03/13/2026 c4 03/13/2026 BK-GR
    Dewey Decimal Classification     College Library College Library General Reference 03/08/2006 School Fund   GR. 348.044 Su959 CL42884 03/13/2026 c5 03/13/2026 BK-GR
    Dewey Decimal Classification     College Library College Library General Reference 03/08/2006 School Fund   GR. 348.044 Su959 CL42886 03/13/2026 c6 03/13/2026 BK-GR
    Dewey Decimal Classification     College Library College Library General Reference 03/08/2006 School Fund   GR. 348.044 Su959 CL42888 03/13/2026 c7 03/13/2026 BK-GR
    Dewey Decimal Classification     College Library College Library General Reference 03/08/2006 School Fund   GR. 348.044 Su959 CL42889 03/13/2026 c8 03/13/2026 BK-GR
    Dewey Decimal Classification     College Library College Library General Reference 03/08/2006 School Fund   GR. 348.044 Su959 CL42890 03/13/2026 c9 03/13/2026 BK-GR
    Dewey Decimal Classification     College Library College Library General Reference 03/08/2006 School Fund   GR. 348.044 Su959 CL42891 03/13/2026 c10 03/13/2026 BK-GR